[Event "World Youth & Cadets Blitz Championships"]
[Site "Rhodes, Greece"]
[Date "2022.05.03"]
[Round "6.7"]
[White "Tobak, Mikhail"]
[Black "Olenik Campa, Rudi"]
[Result "1-0"]
[TimeControl "5'/game & 2\"/move"]
[WhiteElo "2068"]
[BlackElo "2076"]

1. e4 {[%clk 00:05:03]} c5 {[%clk 00:05:04]} {[%emt 00:00:01]} 2. Nf3 {[%clk
00:05:04]} {[%emt 00:00:01]} Nc6 {[%clk 00:05:05]} {[%emt 00:00:01]} 3. Bb5
{[%clk 00:05:05]} g6 {[%clk 00:05:06]} {[%emt 00:00:01]} 4. O-O {[%clk
00:05:06]} {[%emt 00:00:01]} Bg7 {[%clk 00:05:07]} {[%emt 00:00:01]} 5. c3
{[%clk 00:05:07]} Nf6 {[%clk 00:05:08]} {[%emt 00:00:01]} 6. Re1 {[%clk
00:05:07]} {[%emt 00:00:02]} O-O {[%clk 00:05:07]} {[%emt 00:00:03]} 7. h3
{[%clk 00:05:05]} {[%emt 00:00:04]} e5 {[%clk 00:05:07]} {[%emt 00:00:02]} 8.
d3 {[%clk 00:05:02]} {[%emt 00:00:05]} d6 {[%clk 00:05:08]} 9. Nbd2 {[%clk
00:05:00]} {[%emt 00:00:04]} Bd7 {[%clk 00:05:09]} 10. a4 {[%clk 00:04:43]}
{[%emt 00:00:18]} a6 {[%clk 00:05:07]} {[%emt 00:00:05]} 11. Bc4 {[%clk
00:04:44]} Rb8 {[%clk 00:05:08]} {[%emt 00:00:01]} 12. Nf1 {[%clk 00:04:31]}
{[%emt 00:00:14]} b5 {[%clk 00:05:09]} {[%emt 00:00:02]} 13. axb5 {[%clk
00:04:33]} axb5 {[%clk 00:05:10]} {[%emt 00:00:02]} 14. Bb3 {[%clk 00:04:34]}
b4 {[%clk 00:05:03]} {[%emt 00:00:09]} 15. Ne3 {[%clk 00:04:33]} {[%emt
00:00:03]} Re8 {[%clk 00:04:50]} {[%emt 00:00:15]} 16. Rf1 {[%clk 00:04:06]}
{[%emt 00:00:28]} Be6 {[%clk 00:04:42]} {[%emt 00:00:10]} 17. Bxe6 {[%clk
00:03:45]} {[%emt 00:00:23]} Rxe6 {[%clk 00:04:37]} {[%emt 00:00:07]} 18. Ra6
{[%clk 00:03:45]} {[%emt 00:00:02]} Ne7 {[%clk 00:03:51]} {[%emt 00:00:48]} 19.
Ng5 {[%clk 00:03:41]} {[%emt 00:00:06]} Qc8 {[%clk 00:03:30]} {[%emt 00:00:24]}
20. Qa4 {[%clk 00:03:19]} {[%emt 00:00:24]} d5 {[%clk 00:03:19]} {[%emt
00:00:13]} 21. Nxe6 {[%clk 00:03:16]} {[%emt 00:00:05]} fxe6 {[%clk 00:03:19]}
{[%emt 00:00:02]} 22. exd5 {[%clk 00:02:13]} {[%emt 00:01:04]} exd5 {[%clk
00:03:20]} {[%emt 00:00:02]} 23. cxb4 {[%clk 00:02:04]} {[%emt 00:00:11]} Rxb4
{[%clk 00:03:13]} {[%emt 00:00:09]} 24. Qa2 {[%clk 00:02:05]} Qd7 {[%clk
00:02:36]} {[%emt 00:00:38]} 25. Bd2 {[%clk 00:01:59]} {[%emt 00:00:08]} Rb7
{[%clk 00:02:34]} {[%emt 00:00:04]} 26. Rc1 {[%clk 00:01:49]} {[%emt 00:00:13]}
Rc7 {[%clk 00:02:29]} {[%emt 00:00:08]} 27. b4 {[%clk 00:01:38]} {[%emt
00:00:12]} cxb4 {[%clk 00:02:04]} {[%emt 00:00:27]} 28. Rxc7 {[%clk 00:01:34]}
{[%emt 00:00:05]} Qxc7 {[%clk 00:02:04]} {[%emt 00:00:02]} 29. Bxb4 {[%clk
00:01:21]} {[%emt 00:00:15]} 1-0

[Event "World Youth & Cadets Blitz Championships"]
[Site "Rhodes, Greece"]
[Date "2022.05.03"]
[Round "6.8"]
[White "Mikko, Rondo"]
[Black "Garner, Isaac"]
[Result "0-1"]
[TimeControl "5'/game & 2\"/move"]
[WhiteElo "1968"]
[BlackElo "2283"]

1. Nf3 {[%clk 00:05:02]} {[%emt 00:00:01]} d5 {[%clk 00:05:03]} {[%emt
00:00:01]} 2. b3 {[%clk 00:05:03]} {[%emt 00:00:02]} Bg4 {[%clk 00:05:02]}
{[%emt 00:00:01]} 3. e3 {[%clk 00:05:03]} {[%emt 00:00:03]} Nd7 {[%clk
00:05:01]} {[%emt 00:00:03]} 4. Bb2 {[%clk 00:05:01]} {[%emt 00:00:03]} e6
{[%clk 00:05:02]} {[%emt 00:00:02]} 5. Be2 {[%clk 00:05:01]} {[%emt 00:00:02]}
Ngf6 {[%clk 00:05:00]} {[%emt 00:00:04]} 6. d4 {[%clk 00:05:01]} {[%emt
00:00:02]} c6 {[%clk 00:04:58]} {[%emt 00:00:04]} 7. O-O {[%clk 00:05:00]}
{[%emt 00:00:03]} Bd6 {[%clk 00:04:58]} {[%emt 00:00:02]} 8. c4 {[%clk
00:05:00]} {[%emt 00:00:02]} h5 {[%clk 00:04:59]} {[%emt 00:00:02]} 9. Ne5
{[%clk 00:04:54]} {[%emt 00:00:07]} Qc7 {[%clk 00:03:55]} {[%emt 00:01:06]} 10.
f4 {[%clk 00:04:52]} {[%emt 00:00:04]} Bf5 {[%clk 00:03:46]} {[%emt 00:00:11]}
11. Nd2 {[%clk 00:04:47]} {[%emt 00:00:08]} h4 {[%clk 00:03:39]} {[%emt
00:00:09]} 12. c5 {[%clk 00:04:25]} {[%emt 00:00:24]} Be7 {[%clk 00:03:38]}
{[%emt 00:00:02]} 13. h3 {[%clk 00:04:17]} {[%emt 00:00:10]} Ne4 {[%clk
00:03:02]} {[%emt 00:00:38]} 14. Nxe4 {[%clk 00:04:17]} {[%emt 00:00:02]} Bxe4
{[%clk 00:03:03]} {[%emt 00:00:02]} 15. Nxd7 {[%clk 00:03:50]} {[%emt
00:00:28]} Qxd7 {[%clk 00:03:02]} {[%emt 00:00:02]} 16. Bd3 {[%clk 00:03:51]}
{[%emt 00:00:02]} Bf5 {[%clk 00:02:23]} {[%emt 00:00:41]} 17. Qe2 {[%clk
00:03:36]} {[%emt 00:00:17]} a5 {[%clk 00:02:17]} {[%emt 00:00:08]} 18. a3
{[%clk 00:03:33]} {[%emt 00:00:05]} O-O {[%clk 00:01:58]} {[%emt 00:00:21]} 19.
b4 {[%clk 00:03:30]} {[%emt 00:00:05]} b5 {[%clk 00:01:44]} {[%emt 00:00:16]}
20. a4 {[%clk 00:02:31]} {[%emt 00:01:01]} axb4 {[%clk 00:01:11]} {[%emt
00:00:35]} 21. axb5 {[%clk 00:02:28]} {[%emt 00:00:05]} Bxd3 {[%clk 00:01:12]}
{[%emt 00:00:01]} 22. Qxd3 {[%clk 00:02:29]} {[%emt 00:00:02]} cxb5 {[%clk
00:01:12]} {[%emt 00:00:01]} 23. Qb3 {[%clk 00:02:13]} {[%emt 00:00:18]} Ra4
{[%clk 00:01:13]} {[%emt 00:00:01]} 24. Rxa4 {[%clk 00:01:57]} {[%emt
00:00:17]} bxa4 {[%clk 00:01:15]} {[%emt 00:00:01]} 25. Qxb4 {[%clk 00:01:58]}
{[%emt 00:00:02]} Qa7 {[%clk 00:01:00]} {[%emt 00:00:17]} 26. Bc3 {[%clk
00:01:26]} {[%emt 00:00:33]} Rb8 {[%clk 00:00:29]} {[%emt 00:00:33]} 27. Qa5
{[%clk 00:01:26]} {[%emt 00:00:02]} Qd7 {[%clk 00:00:31]} 28. Ra1 {[%clk
00:01:21]} {[%emt 00:00:07]} Rb3 {[%clk 00:00:32]} {[%emt 00:00:01]} 29. Bd2
{[%clk 00:01:08]} {[%emt 00:00:15]} Rb2 {[%clk 00:00:32]} {[%emt 00:00:02]} 30.
Qc3 {[%clk 00:00:56]} {[%emt 00:00:14]} Qb5 {[%clk 00:00:31]} {[%emt 00:00:03]}
31. c6 {[%clk 00:00:32]} {[%emt 00:00:26]} Bd6 {[%clk 00:00:28]} {[%emt
00:00:06]} 32. Bc1 {[%clk 00:00:20]} {[%emt 00:00:14]} Rb3 {[%clk 00:00:29]}
{[%emt 00:00:01]} 33. Qc2 {[%clk 00:00:21]} Bc7 {[%clk 00:00:26]} {[%emt
00:00:04]} 34. Bd2 {[%clk 00:00:21]} {[%emt 00:00:02]} a3 {[%clk 00:00:22]}
{[%emt 00:00:06]} 35. Qc1 {[%clk 00:00:19]} {[%emt 00:00:04]} Qd3 {[%clk
00:00:18]} {[%emt 00:00:06]} 36. Be1 {[%clk 00:00:14]} {[%emt 00:00:07]} Rb2
{[%clk 00:00:13]} {[%emt 00:00:07]} 37. Rxa3 {[%clk 00:00:07]} {[%emt
00:00:10]} Qe2 {[%clk 00:00:14]} 38. Qxb2 {[%clk 00:00:07]} {[%emt 00:00:02]}
Qxb2 {[%clk 00:00:15]} 39. Ra8+ {[%clk 00:00:07]} {[%emt 00:00:02]} Kh7 {[%clk
00:00:16]} {[%emt 00:00:01]} 40. Bxh4 {[%clk 00:00:08]} {[%emt 00:00:01]} Qc1+
{[%clk 00:00:16]} {[%emt 00:00:02]} 41. Kf2 {[%clk 00:00:07]} {[%emt 00:00:03]}
Qxc6 {[%clk 00:00:16]} {[%emt 00:00:02]} 42. Ra2 {[%clk 00:00:08]} Qc4 {[%clk
00:00:17]} 43. Re2 {[%clk 00:00:09]} {[%emt 00:00:01]} Bb6 {[%clk 00:00:18]}
{[%emt 00:00:02]} 44. g4 {[%clk 00:00:08]} {[%emt 00:00:02]} Qd3 {[%clk
00:00:18]} {[%emt 00:00:01]} 45. Rb2 {[%clk 00:00:07]} {[%emt 00:00:03]} Bxd4
{[%clk 00:00:19]} {[%emt 00:00:02]} 46. Re2 {[%clk 00:00:07]} {[%emt 00:00:02]}
Bb6 {[%clk 00:00:19]} {[%emt 00:00:02]} 47. g5 {[%clk 00:00:06]} {[%emt
00:00:03]} d4 {[%clk 00:00:20]} {[%emt 00:00:02]} 48. Kf3 {[%clk 00:00:05]}
{[%emt 00:00:02]} dxe3 {[%clk 00:00:21]} {[%emt 00:00:02]} 0-1

[Event "World Youth & Cadets Blitz Championships"]
[Site "Rhodes, Greece"]
[Date "2022.05.03"]
[Round "6.9"]
[White "Gurel, Ediz"]
[Black "Sapenov, Daniyal"]
[Result "1/2-1/2"]
[TimeControl "5'/game & 2\"/move"]
[WhiteElo "1726"]
[BlackElo "1877"]

1. e4 {[%clk 00:05:02]} {[%emt 00:00:01]} c6 {[%clk 00:05:03]} {[%emt
00:00:01]} 2. d4 {[%clk 00:05:02]} {[%emt 00:00:02]} d5 {[%clk 00:05:04]} 3.
Nd2 {[%clk 00:05:03]} {[%emt 00:00:02]} dxe4 {[%clk 00:05:05]} {[%emt
00:00:01]} 4. Nxe4 {[%clk 00:05:04]} {[%emt 00:00:02]} Nf6 5. Nxf6+ {[%clk
00:05:01]} exf6 {[%clk 00:05:06]} {[%emt 00:00:01]} 6. c3 {[%clk 00:05:03]} Bd6
{[%clk 00:05:07]} {[%emt 00:00:01]} 7. Bd3 {[%clk 00:05:04]} O-O {[%clk
00:05:07]} {[%emt 00:00:02]} 8. Qc2 {[%clk 00:05:05]} {[%emt 00:00:01]} Re8+
{[%clk 00:05:07]} {[%emt 00:00:01]} 9. Ne2 {[%clk 00:05:06]} h5 {[%clk
00:05:09]} 10. O-O {[%clk 00:05:07]} {[%emt 00:00:01]} h4 {[%clk 00:05:10]} 11.
h3 {[%clk 00:04:57]} {[%emt 00:00:12]} Nd7 {[%clk 00:05:10]} {[%emt 00:00:02]}
12. Bf4 {[%clk 00:04:47]} {[%emt 00:00:11]} Nf8 {[%clk 00:04:52]} {[%emt
00:00:20]} 13. Bxd6 {[%clk 00:04:43]} {[%emt 00:00:06]} Qxd6 {[%clk 00:04:53]}
{[%emt 00:00:02]} 14. Rfe1 {[%clk 00:04:41]} {[%emt 00:00:03]} Bd7 {[%clk
00:04:45]} {[%emt 00:00:10]} 15. Rad1 {[%clk 00:04:38]} {[%emt 00:00:05]} Re7
{[%clk 00:04:33]} {[%emt 00:00:14]} 16. c4 {[%clk 00:04:19]} {[%emt 00:00:22]}
Rae8 {[%clk 00:04:24]} {[%emt 00:00:11]} 17. Qc3 {[%clk 00:03:56]} {[%emt
00:00:25]} Bc8 {[%clk 00:03:24]} {[%emt 00:01:02]} 18. c5 {[%clk 00:03:28]}
{[%emt 00:00:29]} Qd8 {[%clk 00:02:40]} {[%emt 00:00:46]} 19. Bc4 {[%clk
00:03:12]} {[%emt 00:00:18]} Be6 {[%clk 00:02:32]} {[%emt 00:00:10]} 20. Nf4
{[%clk 00:02:54]} {[%emt 00:00:21]} Bxc4 {[%clk 00:02:26]} {[%emt 00:00:09]} 21.
Rxe7 {[%clk 00:02:54]} {[%emt 00:00:01]} Qxe7 {[%clk 00:02:21]} {[%emt
00:00:07]} 22. Qxc4 {[%clk 00:02:55]} Qe4 {[%clk 00:02:22]} 23. Qc1 {[%clk
00:02:15]} {[%emt 00:00:42]} Ne6 {[%emt 00:00:44]} 24. Nxe6 {[%clk 00:02:08]}
{[%emt 00:00:08]} Qxe6 {[%clk 00:01:35]} {[%emt 00:00:09]} 25. a3 {[%clk
00:01:45]} {[%emt 00:00:25]} Qd5 {[%clk 00:01:36]} {[%emt 00:00:01]} 26. Re1
{[%clk 00:01:32]} {[%emt 00:00:15]} Rxe1+ {[%clk 00:01:18]} {[%emt 00:00:19]}
27. Qxe1 {[%clk 00:01:33]} Qxd4 {[%clk 00:01:15]} {[%emt 00:00:07]} 28. Qe8+
{[%clk 00:01:33]} {[%emt 00:00:01]} Kh7 {[%clk 00:01:16]} {[%emt 00:00:01]} 29.
Qxf7 {[%clk 00:01:34]} {[%emt 00:00:01]} Qxc5 {[%clk 00:01:10]} {[%emt
00:00:07]} 30. Qxb7 {[%clk 00:01:33]} {[%emt 00:00:04]} Qc1+ {[%clk 00:01:11]}
{[%emt 00:00:01]} 1/2-1/2

[Event "World Youth & Cadets Blitz Championships"]
[Site "Rhodes, Greece"]
[Date "2022.05.03"]
[Round "6.10"]
[White "Krawczyk, Flawian"]
[Black "Podolskyi, Mykhailo"]
[Result "0-1"]
[TimeControl "5'/game & 2\"/move"]
[WhiteElo "1883"]
[BlackElo "1978"]

1. e4 {[%clk 00:05:03]} {[%emt 00:15:00]} c5 {[%clk 00:05:02]} {[%emt
00:00:02]} 2. Nf3 {[%clk 00:05:05]} {[%emt 00:00:01]} e6 {[%clk 00:05:00]}
{[%emt 00:00:04]} 3. d4 {[%clk 00:05:06]} {[%emt 00:00:01]} cxd4 {[%clk
00:05:00]} {[%emt 00:00:02]} 4. Nxd4 {[%clk 00:05:07]} a6 {[%clk 00:04:57]}
{[%emt 00:00:04]} 5. c4 {[%clk 00:05:06]} {[%emt 00:00:03]} Nf6 {[%clk
00:04:52]} {[%emt 00:00:07]} 6. Nc3 {[%clk 00:05:03]} {[%emt 00:00:05]} Qc7
{[%clk 00:04:52]} {[%emt 00:00:02]} 7. Be2 {[%clk 00:04:36]} {[%emt 00:00:29]}
b6 {[%clk 00:04:50]} {[%emt 00:00:04]} 8. O-O {[%clk 00:04:32]} {[%emt
00:00:06]} Bb7 {[%clk 00:04:51]} {[%emt 00:00:01]} 9. f3 {[%clk 00:04:33]}
{[%emt 00:00:01]} Be7 {[%clk 00:04:38]} {[%emt 00:00:16]} 10. Be3 {[%clk
00:04:33]} {[%emt 00:00:02]} d6 {[%clk 00:04:37]} {[%emt 00:00:02]} 11. Rc1
{[%clk 00:04:34]} Nbd7 {[%clk 00:04:37]} {[%emt 00:00:02]} 12. Qd2 {[%clk
00:04:36]} O-O {[%clk 00:04:32]} {[%emt 00:00:08]} 13. Rfd1 {[%clk 00:04:37]}
Rac8 {[%clk 00:04:20]} {[%emt 00:00:13]} 14. b4 {[%clk 00:03:18]} {[%emt
00:01:21]} Ne5 {[%clk 00:04:14]} {[%emt 00:00:08]} 15. Na4 {[%clk 00:02:56]}
{[%emt 00:00:24]} Ba8 {[%clk 00:03:38]} {[%emt 00:00:38]} 16. Nb2 {[%clk
00:02:44]} {[%emt 00:00:14]} Rfd8 {[%clk 00:03:34]} {[%emt 00:00:06]} 17. a4
{[%clk 00:02:45]} {[%emt 00:00:02]} Qb8 {[%clk 00:03:26]} {[%emt 00:00:09]} 18.
Nb3 {[%emt 00:00:35]} d5 {[%clk 00:02:50]} {[%emt 00:00:38]} 19. exd5 {[%clk
00:01:43]} {[%emt 00:00:32]} exd5 {[%clk 00:02:50]} {[%emt 00:00:02]} 20. cxd5
{[%clk 00:01:25]} {[%emt 00:00:19]} Nxd5 {[%clk 00:02:37]} {[%emt 00:00:15]} 21.
Rxc8 {[%clk 00:01:05]} {[%emt 00:00:22]} Qxc8 {[%clk 00:02:25]} {[%emt
00:00:15]} 22. Bd4 {[%clk 00:01:06]} Nc6 {[%clk 00:02:06]} {[%emt 00:00:22]} 23.
Rc1 {[%clk 00:00:45]} {[%emt 00:00:23]} Ndxb4 {[%clk 00:00:25]} {[%emt
00:01:43]} 24. Qe3 {[%clk 00:00:35]} {[%emt 00:00:12]} Re8 {[%clk 00:00:22]}
{[%emt 00:00:04]} 25. Qf2 {[%clk 00:00:36]} {[%emt 00:00:01]} Qe6 {[%clk
00:00:10]} {[%emt 00:00:15]} 26. Bc4 {[%clk 00:00:33]} {[%emt 00:00:05]} Qh6
{[%clk 00:00:11]} 27. Bxb6 {[%emt 00:00:07]} Bh4 {[%clk 00:00:06]} {[%emt
00:00:06]} 28. g3 {[%clk 00:00:09]} {[%emt 00:00:22]} Bg5 {[%clk 00:00:05]}
{[%emt 00:00:03]} 29. f4 {[%clk 00:00:10]} {[%emt 00:00:01]} Bf6 {[%clk
00:00:06]} 30. Nd3 {[%clk 00:00:08]} {[%emt 00:00:04]} Nxd3 {[%clk 00:00:06]}
{[%emt 00:00:02]} 31. Bxd3 {[%clk 00:00:09]} {[%emt 00:00:01]} Nb4 {[%clk
00:00:05]} {[%emt 00:00:03]} 32. Bf1 {[%clk 00:00:11]} {[%emt 00:00:01]} Qg6
{[%clk 00:00:05]} {[%emt 00:00:02]} 33. Bg2 {[%clk 00:00:10]} {[%emt 00:00:03]}
Nd3 {[%clk 00:00:06]} {[%emt 00:00:01]} 34. Qe2 {[%clk 00:00:04]} {[%emt
00:00:08]} Rf8 {[%clk 00:00:03]} {[%emt 00:00:04]} 35. Rd1 {[%clk 00:00:04]}
{[%emt 00:00:02]} Bxg2 {[%clk 00:00:03]} {[%emt 00:00:03]} 36. Qxd3 {[%clk
00:00:05]} Be4 {[%clk 00:00:04]} {[%emt 00:00:01]} 37. Qe3 {[%clk 00:00:06]}
Bb7 {[%clk 00:00:05]} 38. Nd4 {[%clk 00:00:07]} {[%emt 00:00:01]} Bxd4 {[%clk
00:00:04]} {[%emt 00:00:03]} 39. Bxd4 {[%clk 00:00:08]} {[%emt 00:00:01]} Qc2
{[%clk 00:00:05]} 40. Qd2 {[%clk 00:00:08]} {[%emt 00:00:02]} Qc6 {[%clk
00:00:06]} {[%emt 00:00:01]} 41. Qe2 {[%clk 00:00:04]} {[%emt 00:00:06]} Qh1+
{[%clk 00:00:07]} {[%emt 00:00:02]} 42. Kf2 {[%clk 00:00:06]} Qxh2+ {[%clk
00:00:08]} 43. Ke1 {[%clk 00:00:07]} Qxg3+ {[%clk 00:00:08]} {[%emt 00:00:01]}
44. Qf2 {[%clk 00:00:09]} Re8+ {[%clk 00:00:05]} {[%emt 00:00:06]} 45. Kd2
{[%clk 00:00:10]} {[%emt 00:00:01]} Qb3 {[%clk 00:00:04]} {[%emt 00:00:03]} 46.
Rc1 {[%clk 00:00:10]} {[%emt 00:00:01]} Qa2+ {[%clk 00:00:04]} {[%emt
00:00:02]} 47. Rc2 {[%clk 00:00:12]} Qxa4 {[%clk 00:00:04]} {[%emt 00:00:02]}
48. Qg1 {[%clk 00:00:08]} {[%emt 00:00:05]} f6 {[%clk 00:00:05]} {[%emt
00:00:01]} 49. Rc7 {[%clk 00:00:08]} {[%emt 00:00:02]} Qa2+ {[%clk 00:00:06]}
{[%emt 00:00:02]} 50. Rc2 {[%clk 00:00:09]} {[%emt 00:00:01]} Qf7 {[%emt
00:00:02]} 51. Kc1 {[%clk 00:00:07]} {[%emt 00:00:03]} Be4 {[%clk 00:00:08]} 52.
Rb2 {[%clk 00:00:07]} {[%emt 00:00:02]} Rc8+ {[%clk 00:00:09]} 53. Kd2 {[%clk
00:00:08]} Qc4 {[%clk 00:00:09]} {[%emt 00:00:02]} 54. Qf2 {[%clk 00:00:03]}
{[%emt 00:00:07]} Qd3+ {[%clk 00:00:10]} {[%emt 00:00:02]} 55. Ke1 {[%clk
00:00:04]} Rc1# {[%clk 00:00:11]} {[%emt 00:00:01]} 0-1

[Event "World Youth & Cadets Blitz Championships"]
[Site "Rhodes, Greece"]
[Date "2022.05.03"]
[Round "6.11"]
[White "Kozlovic, Jernej"]
[Black "Toktomushev, Teimur"]
[Result "0-1"]
[TimeControl "5'/game & 2\"/move"]
[WhiteElo "1937"]
[BlackElo "1960"]

1. Nf3 {[%clk 00:05:02]} {[%emt 00:00:02]} d5 {[%clk 00:05:02]} {[%emt
00:00:02]} 2. d4 {[%clk 00:05:02]} {[%emt 00:00:01]} Nf6 {[%clk 00:05:01]}
{[%emt 00:00:03]} 3. Bf4 {[%clk 00:05:02]} {[%emt 00:00:02]} c5 {[%clk
00:04:54]} {[%emt 00:00:09]} 4. c3 {[%clk 00:05:01]} {[%emt 00:00:04]} Nc6
{[%clk 00:04:45]} {[%emt 00:00:11]} 5. e3 {[%clk 00:05:01]} {[%emt 00:00:02]}
Qb6 {[%clk 00:04:42]} {[%emt 00:00:05]} 6. Qb3 {[%clk 00:04:59]} {[%emt
00:00:03]} c4 {[%clk 00:04:41]} {[%emt 00:00:04]} 7. Qc2 {[%clk 00:04:54]}
{[%emt 00:00:07]} g6 {[%clk 00:04:35]} {[%emt 00:00:07]} 8. Nbd2 {[%clk
00:04:53]} {[%emt 00:00:03]} Bf5 {[%clk 00:04:35]} {[%emt 00:00:02]} 9. Qc1
{[%clk 00:04:53]} {[%emt 00:00:02]} Bg7 {[%clk 00:04:35]} {[%emt 00:00:02]} 10.
Be2 {[%clk 00:04:49]} {[%emt 00:00:06]} O-O {[%clk 00:04:34]} {[%emt 00:00:04]}
11. O-O {[%clk 00:04:48]} {[%emt 00:00:03]} Qa5 {[%clk 00:04:18]} {[%emt
00:00:17]} 12. b3 {[%clk 00:03:59]} {[%emt 00:00:51]} cxb3 {[%clk 00:03:40]}
{[%emt 00:00:40]} 13. axb3 {[%clk 00:03:59]} {[%emt 00:00:02]} Qd8 {[%clk
00:03:10]} {[%emt 00:00:33]} 14. h3 {[%clk 00:03:55]} {[%emt 00:00:06]} Qd7
{[%clk 00:01:52]} {[%emt 00:01:20]} 15. Qb2 {[%clk 00:03:51]} {[%emt 00:00:06]}
Rfc8 {[%clk 00:01:45]} {[%emt 00:00:09]} 16. Rfc1 {[%clk 00:03:43]} {[%emt
00:00:10]} Ne4 {[%clk 00:01:18]} {[%emt 00:00:29]} 17. Nxe4 {[%clk 00:03:25]}
{[%emt 00:00:20]} Bxe4 {[%clk 00:00:34]} {[%emt 00:00:46]} 18. Nd2 {[%clk
00:03:23]} {[%emt 00:00:04]} e5 {[%clk 00:00:22]} {[%emt 00:00:14]} 19. Nxe4
{[%clk 00:02:46]} {[%emt 00:00:39]} exf4 {[%clk 00:00:09]} {[%emt 00:00:15]} 20.
Nc5 {[%clk 00:02:38]} {[%emt 00:00:10]} Qe7 {[%clk 00:00:08]} {[%emt 00:00:01]}
21. exf4 {[%clk 00:02:34]} {[%emt 00:00:08]} Nxd4 {[%clk 00:00:05]} {[%emt
00:00:05]} 22. cxd4 {[%clk 00:02:31]} {[%emt 00:00:05]} Rxc5 {[%clk 00:00:06]}
{[%emt 00:00:01]} 23. dxc5 {[%clk 00:02:04]} {[%emt 00:00:28]} Bxb2 {[%emt
00:00:08]} 24. Re1 {[%clk 00:01:59]} {[%emt 00:00:01]} Bxa1 {[%clk 00:00:07]}
{[%emt 00:00:02]} 25. Rxa1 {[%clk 00:01:59]} {[%emt 00:00:01]} Qxe2 {[%clk
00:00:08]} {[%emt 00:00:01]} 0-1

[Event "World Youth & Cadets Blitz Championships"]
[Site "Rhodes, Greece"]
[Date "2022.05.03"]
[Round "6.12"]
[White "Assylov, Miras"]
[Black "Badacsonyi, Stanley"]
[Result "1-0"]
[TimeControl "5'/game & 2\"/move"]
[WhiteElo "1891"]
[BlackElo "1948"]

1. e4 {[%clk 00:05:03]} {[%emt 00:00:01]} e5 {[%clk 00:05:04]} {[%emt
00:00:01]} 2. Nf3 {[%clk 00:05:04]} {[%emt 00:00:01]} Nc6 {[%clk 00:05:05]}
{[%emt 00:00:01]} 3. Bb5 {[%clk 00:05:04]} {[%emt 00:00:01]} a6 {[%clk
00:05:06]} {[%emt 00:00:01]} 4. Ba4 {[%clk 00:05:04]} {[%emt 00:00:02]} d6
{[%clk 00:05:07]} {[%emt 00:00:02]} 5. d4 {[%clk 00:04:51]} {[%emt 00:00:15]}
b5 {[%clk 00:05:05]} {[%emt 00:00:03]} 6. Bb3 {[%clk 00:04:52]} exd4 {[%clk
00:05:02]} {[%emt 00:00:05]} 7. Bd5 {[%clk 00:04:48]} {[%emt 00:00:06]} Nge7
{[%clk 00:05:03]} {[%emt 00:00:02]} 8. Nxd4 {[%clk 00:04:20]} {[%emt 00:00:29]}
Bb7 {[%clk 00:05:02]} {[%emt 00:00:03]} 9. Nxc6 {[%clk 00:03:37]} {[%emt
00:00:45]} Bxc6 {[%clk 00:05:01]} {[%emt 00:00:03]} 10. Bxc6+ {[%clk 00:03:31]}
{[%emt 00:00:08]} Nxc6 {[%clk 00:05:02]} 11. O-O {[%clk 00:03:32]} {[%emt
00:00:01]} Be7 {[%clk 00:05:03]} {[%emt 00:00:02]} 12. Nc3 {[%clk 00:03:32]}
O-O {[%clk 00:05:03]} {[%emt 00:00:02]} 13. Nd5 {[%clk 00:03:34]} Bf6 {[%clk
00:05:01]} {[%emt 00:00:05]} 14. c3 {[%clk 00:03:29]} {[%emt 00:00:06]} Re8
{[%clk 00:05:01]} {[%emt 00:00:01]} 15. Re1 {[%clk 00:03:29]} {[%emt 00:00:03]}
g6 {[%clk 00:05:00]} {[%emt 00:00:04]} 16. Be3 {[%clk 00:02:50]} {[%emt
00:00:41]} Bg7 {[%clk 00:05:00]} {[%emt 00:00:01]} 17. f3 {[%clk 00:02:48]}
{[%emt 00:00:05]} Ne5 {[%clk 00:04:58]} {[%emt 00:00:03]} 18. Bf2 {[%clk
00:02:20]} {[%emt 00:00:30]} Nc4 {[%clk 00:04:53]} {[%emt 00:00:07]} 19. Qc2
{[%clk 00:02:17]} {[%emt 00:00:05]} c6 {[%clk 00:04:35]} {[%emt 00:00:20]} 20.
Ne3 {[%clk 00:02:14]} {[%emt 00:00:04]} Ne5 {[%emt 00:00:09]} 21. Rad1 {[%clk
00:02:14]} Qe7 {[%clk 00:04:32]} {[%emt 00:00:02]} 22. Rd2 {[%clk 00:01:54]}
{[%emt 00:00:22]} Bh6 {[%clk 00:04:27]} {[%emt 00:00:06]} 23. Rd4 {[%clk
00:01:17]} {[%emt 00:00:39]} Bf4 {[%clk 00:04:23]} {[%emt 00:00:05]} 24. Nf1
{[%clk 00:00:57]} {[%emt 00:00:23]} Qg5 {[%clk 00:04:16]} {[%emt 00:00:07]} 25.
Kh1 {[%clk 00:00:41]} {[%emt 00:00:20]} Qf6 {[%clk 00:04:08]} {[%emt 00:00:10]}
26. Be3 {[%clk 00:00:35]} {[%emt 00:00:08]} Rad8 {[%clk 00:04:06]} {[%emt
00:00:04]} 27. Bxf4 {[%clk 00:00:35]} {[%emt 00:00:02]} Qxf4 {[%clk 00:04:06]}
{[%emt 00:00:02]} 28. Red1 {[%clk 00:00:35]} {[%emt 00:00:02]} c5 {[%emt
00:00:07]} 29. Qd2 {[%clk 00:00:26]} {[%emt 00:00:11]} Qxd2 {[%clk 00:03:16]}
{[%emt 00:00:47]} 30. R4xd2 {[%clk 00:00:27]} Nc4 {[%clk 00:03:15]} {[%emt
00:00:04]} 31. Rf2 {[%clk 00:00:28]} {[%emt 00:00:02]} f5 {[%clk 00:03:13]}
{[%emt 00:00:03]} 32. b3 {[%clk 00:00:27]} {[%emt 00:00:03]} Ne5 {[%clk
00:03:08]} {[%emt 00:00:07]} 33. exf5 {[%clk 00:00:27]} {[%emt 00:00:03]} gxf5
{[%clk 00:03:09]} 34. Rfd2 {[%clk 00:00:27]} {[%emt 00:00:01]} c4 {[%clk
00:03:05]} {[%emt 00:00:06]} 35. Ng3 {[%clk 00:00:22]} {[%emt 00:00:08]} f4
{[%clk 00:03:00]} {[%emt 00:00:07]} 36. Ne4 {[%clk 00:00:21]} {[%emt 00:00:03]}
Nd3 {[%clk 00:02:56]} {[%emt 00:00:05]} 37. Nf6+ {[%clk 00:00:21]} {[%emt
00:00:02]} Kg7 {[%clk 00:02:58]} 38. Nxe8+ {[%clk 00:00:22]} Rxe8 {[%clk
00:02:58]} 39. bxc4 {[%clk 00:00:21]} {[%emt 00:00:04]} bxc4 {[%clk 00:02:59]}
40. Kg1 {[%clk 00:00:20]} {[%emt 00:00:04]} d5 {[%clk 00:03:01]} 41. Kf1 {[%clk
00:00:21]} {[%emt 00:00:02]} Rc8 {[%clk 00:02:58]} {[%emt 00:00:04]} 42. Re2
{[%clk 00:00:17]} {[%emt 00:00:07]} Rc5 {[%clk 00:02:57]} {[%emt 00:00:02]} 43.
Rb1 {[%clk 00:00:16]} {[%emt 00:00:04]} Ra5 {[%clk 00:02:56]} {[%emt 00:00:03]}
44. Rb7+ {[%clk 00:00:12]} {[%emt 00:00:06]} Kg6 {[%clk 00:02:52]} {[%emt
00:00:05]} 45. g4 {[%clk 00:00:09]} {[%emt 00:00:05]} Ra3 {[%clk 00:02:51]}
{[%emt 00:00:03]} 46. h4 {[%clk 00:00:06]} {[%emt 00:00:05]} Rxc3 {[%clk
00:02:50]} {[%emt 00:00:03]} 47. Re6# {[%clk 00:00:07]} 1-0